Váš web: Získajte viac návštevníkov!

Registrácia novej webstránky a možnosti pre začínajúcich podnikateľov. Podpora návštevnosti pomocou sociálnych sietí či nástrojov SEO. Kvalitný a užitočný obsah a využitie internetových PR serverov.

Gespeichert in:
Bibliographische Detailangaben
1. Verfasser: Škutková, Jana
Format: Buchkapitel
Sprache:Slowakisch
Schlagworte:
Tags: Tag hinzufügen
Keine Tags, Fügen Sie das erste Tag hinzu!

MARC

LEADER 00000naa a2200000 4500
001 0192921
005 20220725111707.8
041 0 |a slo 
044 |a SK 
245 1 0 |a Váš web: Získajte viac návštevníkov!  |c Jana Škutková 
520 |a Registrácia novej webstránky a možnosti pre začínajúcich podnikateľov. Podpora návštevnosti pomocou sociálnych sietí či nástrojov SEO. Kvalitný a užitočný obsah a využitie internetových PR serverov. 
610 2 0 |a internet 
610 2 0 |a stránky webové 
610 2 0 |a distribúcia informácií 
610 2 0 |a siete počítačové 
610 2 0 |a servery 
610 2 0 |a ekonomika sieťová 
610 2 0 |a podnikatelia 
100 1 |a Škutková, Jana